Studies on Amanita (Amanitaceae) from Andean Colombia / (Registro nro. 2272)
[ vista simple ]
| 000 -CABECERA | |
|---|---|
| Campo de control | 00911cam a2200253 a 4500 |
| 005 - FECHA Y HORA DE LA ULTIMA TRANSACCION | |
| Campo de control | 20161110020002.0 |
| 008 - ELEMENTOS DE LONGITUD FIJA—INFORMACION GENERAL | |
| Campo de control | 910925s1992 nyua b 001 0 eng |
| 020 ## - ISBN | |
| ISBN | 0893273716 |
| 040 ## - FUENTE DE CATALOGACIÓN | |
| Agencia catalogadora original | DLC |
| Agencia transcriptora | DLC |
| Agencia Modificadora | DLC |
| -- | CO-BoIAVH |
| 041 0# - IDIOMA | |
| Código de idioma para texto/pista de sonido o título separado | Inglés |
| 043 ## - GEOGRAPHIC AREA CODE | |
| Geographic area code | s-ck--- |
| -- | sn----- |
| 082 00 - NUMERO DE CLASIFICACION DECIMAL DEWEY | |
| Número de clasificación | 581 |
| Número del ítem | T92s |
| 100 1# - ASIENTO PRINCIPAL--NOMBRE PERSONAL | |
| Nombre personal | Tulloss, Rodham E. |
| Término relacionado | Autor |
| 9 (RLIN) | 15255 |
| 245 10 - MENCION DE TITULO | |
| Título | Studies on Amanita (Amanitaceae) from Andean Colombia / |
| Mención de responsabilidad | Rodham E. Tulloss, Clark L. Ovrebo, Roy E. Halling. |
| 260 ## - PUBLICACION, DISTRIBUCION, ETC. (PIE DE IMPRENTA) | |
| Lugar de publicación, distribución, etc. | Bronx, N.Y., U.S.A. : |
| Nombre del editor, distribuidor, etc. | New York Botanical Garden, |
| Fecha de publicación, distribución, etc. | c1992. |
| 300 ## - DESCRIPCION FISICA | |
| Extensión | 46 páginas : |
| Otros detalles físicos | Ilustraciones ; |
| Dimensiones | 26 x 17 cm. |
| 500 ## - NOTA GENERAL | |
| Nota general | "Issued: 13 January 1992." |
| 504 ## - NOTA DE BIBLIOGRAFIA, ETC. | |
| Nota de bibliografía | Includes bibliographical references (p. 38-41) and index. |
| 650 00 - ASIENTO SECUNDARIO DE MATERIA - TERMINO TEMATICO | |
| Término temático o nombre geográfico como elemento de entrada | Amanita |
| Subdivisión geográfica | Colombia. |
| 9 (RLIN) | 47487 |
| 650 00 - ASIENTO SECUNDARIO DE MATERIA - TERMINO TEMATICO | |
| Término temático o nombre geográfico como elemento de entrada | Amanita |
| Subdivisión geográfica | Andes. |
| 9 (RLIN) | 47488 |
| 700 1# - ASIENTO SECUNDARIO - NOMBRE PERSONAL | |
| Nombre personal | Ovrebo, Clark L. |
| Término de relación | Autor |
| 9 (RLIN) | 15258 |
| 700 1# - ASIENTO SECUNDARIO - NOMBRE PERSONAL | |
| Nombre personal | Halling, Roy E. |
| Término de relación | Autor |
| 9 (RLIN) | 15259 |
| 942 ## - ELEMENTOS ADICIONALES (KOHA) | |
| Sistema de clasificación | Dewey Decimal Classification |
| Tipo de ítem | Libro |
| Koha issues (borrowed), all copies | 1 |
| Withdrawn status | Lost status | Sistema de Clasificación | Damaged status | No para préstamo | Colección | Inventariado | Ubicación Permanente | Ubicación actual | Fecha de adquisición | Fuente de Valor | Valor | Total Checkouts | Número topográfico | Inventario / Código de Barras | Date last seen | Date checked out | Ejemplar | Price effective from | Tipo de material |
|---|---|---|---|---|---|---|---|---|---|---|---|---|---|---|---|---|---|---|---|
| Dewey Decimal Classification | General | Inventariado 2017 | Bogotá | Bogotá | 10/05/2001 | Instituto | 39000.00 | 1 | LB-581 T92s | 002837 | 21/11/2016 | 09/11/2016 | Ej. 1 | 04/12/2012 | Libro |